[Event "IBCA World-chT blind 9th"]
[Site "Ohrid"]
[Date "2022.07.02"]
[Round "5.1"]
[White "Vela Ignacio, Jose Manuel"]
[Black "Drazetic, Novica"]
[Result "1-0"]
[WhiteElo "2026"]
[BlackElo "1605"]
[PlyCount "87"]
[EventDate "2022.06.28"]
[EventType "team-swiss"]
[EventRounds "9"]
[EventCountry "MKD"]
[SourceTitle "EXT 2024"]
[Source "ChessBase"]
[SourceDate "2023.10.10"]
[SourceVersion "1"]
[SourceVersionDate "2023.10.10"]
[SourceQuality "1"]
[WhiteTeam "Spain"]
[BlackTeam "Croatia"]
[WhiteTeamCountry "ESP"]
[BlackTeamCountry "CRO"]

1. d4 d5 2. c4 e6 3. Nc3 c5 4. cxd5 exd5 5. Nf3 Nc6 6. Bg5 Nf6 7. Bxf6 Qxf6 8. Nxd5 Qd8 9. dxc5 Bxc5 10. e3 0-0 11. Bd3 Nb4 12. Nxb4 Bxb4+ 13. Ke2 Qf6 14. Qb3 Bd6 15. Rhd1 Be6 16. Bxh7+ Kxh7 17. Qd3+ Kg8 18. Qxd6 Qxb2+ 19. Qd2 Qf6 20. Qd4 Qe7 21. Qd6 Qf6 22. Rd4 Rfd8 23. Qe5 Qf5 24. Qxf5 Bxf5 25. Rad1 Rdc8 26. R1d2 f6 27. Rd6 Rc7 28. Nd4 Bg6 29. f3 Rac8 30. Nb5 Rc5 31. Nxa7 Ra8 32. Rd8+ Rxd8 33. Rxd8+ Kh7 34. Rd2 Bf7 35. Rb2 Ra5 36. Nc8 Bxa2 37. Nd6 Bd5 38. e4 Bc6 39. Nxb7 Bxb7 40. Rxb7 Ra2+ 41. Kf1 Ra1+ 42. Kf2 Ra2+ 43. Kg3 Ra5 44. h4 1-0

[Event "ESP-ch FEDC 28th"]
[Site "Ubeda"]
[Date "2019.11.26"]
[Round "8"]
[White "Vela Ignacio, Jose Manuel"]
[Black "Olivera Gutierrez, Albert"]
[Result "0-1"]
[WhiteElo "2035"]
[BlackElo "2023"]
[PlyCount "134"]
[EventDate "2019.11.19"]
[EventType "swiss"]
[EventRounds "8"]
[EventCountry "ESP"]
[SourceTitle "EXT 2024"]
[Source "ChessBase"]
[SourceDate "2023.10.10"]
[SourceVersion "1"]
[SourceVersionDate "2023.10.10"]
[SourceQuality "1"]

1. f4 d6 2. d4 g6 3. Nf3 Bg7 4. e4 c5 5. c3 Nf6 6. dxc5 dxc5 7. Qxd8+ Kxd8 8. Ng5 Ke8 9. Bc4 e6 10. e5 Nd5 11. Ne4 b6 12. Nd6+ Ke7 13. Nxc8+ Rxc8 14. 0-0 Rd8 15. Na3 a6 16. Be2 b5 17. c4 bxc4 18. Nxc4 Nc6 19. Bd2 Nd4 20. Bd1 Nb4 21. a3 Nbc6 22. Bc3 f6 23. Re1 fxe5 24. fxe5 Rab8 25. Ba4 Rd5 26. b4 cxb4 27. axb4 Nxb4 28. Rab1 Ndc6 29. Re4 Nd3 30. Nb6 Rc5 31. Bd2 Ncxe5 32. Rh4 Rh8 33. Re4 h5 34. Rb3 Rc7 35. Re3 Rd8 36. Bc3 Nf3+ 37. gxf3 Rxc3 38. Rxc3 Bxc3 39. Kf1 Bd2 40. Re2 Bf4 41. Bb3 Nc5 42. Nd5+ Kf7 43. Nxf4 Nxb3 44. Nxe6 Rd1+ 45. Kg2 Rd2 46. Ng5+ Kg7 47. Kf1 Rxe2 48. Kxe2 a5 49. Kd3 Nc5+ 50. Kc4 a4 51. Kxc5 a3 52. Ne6+ Kf6 53. Nd4 a2 54. Nc2 Kf5 55. Kd5 h4 56. Kc4 Kf4 57. Kb3 Kxf3 58. Kxa2 Kg2 59. Kb3 Kxh2 60. Kc4 Kg3 61. Ne3 g5 62. Kd4 Kf3 63. Nf1 g4 64. Nd2+ Kf4 65. Ne4 g3 66. Kd3 g2 67. Nf2 Kg3 0-1

[Event "ESP-ch FEDC 28th"]
[Site "Ubeda"]
[Date "2019.11.21"]
[Round "3"]
[White "Mendez Manturano, Miguel Eduardo"]
[Black "Vela Ignacio, Jose Manuel"]
[Result "1/2-1/2"]
[WhiteElo "1766"]
[BlackElo "2035"]
[PlyCount "91"]
[EventDate "2019.11.19"]
[EventType "swiss"]
[EventRounds "8"]
[EventCountry "ESP"]
[SourceTitle "EXT 2024"]
[Source "ChessBase"]
[SourceDate "2023.10.10"]
[SourceVersion "1"]
[SourceVersionDate "2023.10.10"]
[SourceQuality "1"]

1. e4 e6 2. d4 d5 3. Nc3 Nf6 4. e5 Nfd7 5. Nce2 c5 6. c3 Nc6 7. f4 f6 8. Nf3 Be7 9. g3 Qb6 10. Bh3 Nf8 11. 0-0 Bd7 12. a4 Ng6 13. Be3 cxd4 14. Bxd4 Nxd4 15. Nexd4 f5 16. Qe2 h5 17. a5 Qc7 18. Nb5 Qc5+ 19. Nfd4 a6 20. Nd6+ Bxd6 21. exd6 Kf7 22. Rae1 Qxd6 23. Kh1 Rae8 24. Qd2 Ne7 25. Nf3 Nc6 26. Ng5+ Kg8 27. b4 g6 28. Bg2 h4 29. g4 fxg4 30. Be4 Ne7 31. Qd4 Rf8 32. Bc2 Nf5 33. Qd3 Re8 34. Bb3 Bb5 35. c4 dxc4 36. Qc3 Qd5+ 37. Re4 e5 38. Rd1 Qc6 39. Bc2 Nd6 40. fxe5 Nxe4 41. Bxe4 Qc7 42. Bd5+ Kg7 43. e6+ Kh6 44. Nf7+ Kh7 45. Ng5+ Kh6 46. Nf7+ 1/2-1/2

[Event "ESP-ch FEDC 28th"]
[Site "Ubeda"]
[Date "2019.11.19"]
[Round "1"]
[White "Garcia Andrinal, Antonio"]
[Black "Vela Ignacio, Jose Manuel"]
[Result "1/2-1/2"]
[WhiteElo "1629"]
[BlackElo "2035"]
[PlyCount "42"]
[EventDate "2019.11.19"]
[EventType "swiss"]
[EventRounds "8"]
[EventCountry "ESP"]
[SourceTitle "EXT 2024"]
[Source "ChessBase"]
[SourceDate "2023.10.10"]
[SourceVersion "1"]
[SourceVersionDate "2023.10.10"]
[SourceQuality "1"]

1. e4 e5 2. Nf3 d5 3. exd5 Bd6 4. d4 e4 5. Ne5 Ne7 6. Nc3 Bb4 7. Bb5+ c6 8. dxc6 Nbxc6 9. 0-0 0-0 10. Nxc6 bxc6 11. Bc4 Bf5 12. Be3 Nd5 13. Ne2 Bg4 14. c3 Nxe3 15. fxe3 Bd6 16. Qe1 Qg5 17. Qf2 Rae8 18. Nf4 Qh6 19. Be2 Bd7 20. g3 g5 21. Nh5 f5 1/2-1/2

[Event "IBCA Wch blind 14th"]
[Site "Cagliari"]
[Date "2019.04.14"]
[Round "9"]
[White "Pribeanu, Mihai Dacian"]
[Black "Vela Ignacio, Jose Manuel"]
[Result "1-0"]
[WhiteElo "2198"]
[BlackElo "2038"]
[PlyCount "53"]
[EventDate "2019.04.06"]
[EventType "swiss"]
[EventRounds "9"]
[EventCountry "ITA"]
[SourceTitle "CBM 189 Extra"]
[Source "ChessBase"]
[SourceDate "2019.06.03"]
[SourceVersion "1"]
[SourceVersionDate "2019.06.03"]
[SourceQuality "1"]

1. e4 e5 2. Nf3 Nc6 3. Bb5 f5 4. d3 Nf6 5. 0-0 d6 6. Nc3 Be7 7. exf5 Bxf5 8. d4 e4 9. d5 a6 10. Nd4 Bg4 11. Bxc6+ bxc6 12. f3 exf3 13. gxf3 Bd7 14. dxc6 Bh3 15. Re1 0-0 16. Ne6 Bxe6 17. Rxe6 d5 18. Bg5 Qe8 19. Qe2 Bc5+ 20. Kh1 Qh5 21. Qg2 Kh8 22. Re5 Bd6 23. Bxf6 Qf7 24. Bxg7+ Qxg7 25. Rxd5 Qh6 26. Ne4 Rg8 27. Nxd6 1-0

[Event "IBCA Wch blind 14th"]
[Site "Cagliari"]
[Date "2019.04.12"]
[Round "7"]
[White "Tonteri, Ari"]
[Black "Vela Ignacio, Jose Manuel"]
[Result "0-1"]
[WhiteElo "1870"]
[BlackElo "2038"]
[PlyCount "70"]
[EventDate "2019.04.06"]
[EventType "swiss"]
[EventRounds "9"]
[EventCountry "ITA"]
[SourceTitle "CBM 189 Extra"]
[Source "ChessBase"]
[SourceDate "2019.06.03"]
[SourceVersion "1"]
[SourceVersionDate "2019.06.03"]
[SourceQuality "1"]

1. e4 e5 2. Nf3 Nc6 3. Bb5 f5 4. Nc3 fxe4 5. Nxe4 Nf6 6. Nxf6+ gxf6 7. Nh4 Qe7 8. Qh5+ Kd8 9. c3 d5 10. 0-0 Be6 11. d4 Rg8 12. Qd1 e4 13. Be3 f5 14. Qh5 f4 15. Bxf4 Qd7 16. Be2 a5 17. a4 Kc8 18. f3 b6 19. fxe4 dxe4 20. Bg3 Kb7 21. Bb5 Bg4 22. Bxc6+ Qxc6 23. Qxh7 Bh6 24. Rf7 Rac8 25. Rxc7+ Rxc7 26. Qxg8 Rg7 27. Qb8+ Ka6 28. Qd6 Qxd6 29. Bxd6 e3 30. Kf1 Be6 31. g3 Rf7+ 32. Ke1 Bc4 33. Kd1 Bd3 34. Ng2 Rf1+ 35. Ne1 e2# 0-1

[Event "ESP-ch FEDC 27th"]
[Site "Almunecar"]
[Date "2018.11.26"]
[Round "1"]
[White "Garcia Andrinal, Antonio"]
[Black "Vela Ignacio, Jose Manuel"]
[Result "0-1"]
[WhiteElo "1657"]
[BlackElo "2012"]
[PlyCount "46"]
[EventDate "2018.11.26"]
[EventType "swiss"]
[EventRounds "8"]
[EventCountry "ESP"]
[SourceTitle "EXT 2024"]
[Source "ChessBase"]
[SourceDate "2023.10.10"]
[SourceVersion "1"]
[SourceVersionDate "2023.10.10"]
[SourceQuality "1"]

1. e4 e5 2. Nf3 Nf6 3. Nxe5 d6 4. Nf3 Nxe4 5. d4 d5 6. Bd3 Bg4 7. Qe2 f5 8. 0-0 Bd6 9. c4 c6 10. Nc3 0-0 11. cxd5 cxd5 12. Nb5 Nc6 13. h3 Bh5 14. Qe3 Bb8 15. Ne5 Nxe5 16. dxe5 Bxe5 17. f3 a6 18. fxe4 dxe4 19. Bc4+ Kh8 20. Nc3 Bd4 21. b3 f4 22. Qxd4 Qxd4+ 23. Kh1 e3 0-1

[Event "Almansa op-A 13th"]
[Site "Almansa"]
[Date "2018.08.04"]
[Round "6.6"]
[White "Vela Ignacio, Jose Manuel"]
[Black "Ibanez Aullana, Jose Ramon"]
[Result "0-1"]
[WhiteElo "1945"]
[BlackElo "2281"]
[PlyCount "78"]
[EventDate "2018.08.02"]
[EventType "swiss"]
[EventRounds "7"]
[EventCountry "ESP"]
[SourceTitle "EXT 2024"]
[Source "ChessBase"]
[SourceDate "2023.10.10"]
[SourceVersion "1"]
[SourceVersionDate "2023.10.10"]
[SourceQuality "1"]

1. f4 d5 2. Nf3 g6 3. d4 Bg7 4. e3 Nf6 5. Bd3 c5 6. c3 0-0 7. 0-0 Nc6 8. Qe2 b6 9. Nbd2 Bb7 10. f5 Re8 11. fxg6 hxg6 12. Ne5 Nxe5 13. dxe5 Ne4 14. e6 f5 15. g4 Rf8 16. gxf5 gxf5 17. Nf3 Qd6 18. Bxe4 fxe4 19. Ng5 Rxf1+ 20. Qxf1 Rf8 21. Qh3 Rf6 22. Qh5 Qe5 23. Bd2 Qf5 24. Qe8+ Bf8 25. Kh1 Ba6 26. Qh5 Bf1 27. c4 Bh6 28. Bc3 d4 29. exd4 Qxg5 30. Qxg5+ Bxg5 31. dxc5 Rf8 32. c6 Be2 33. h3 Kh7 34. b3 Rg8 35. Be5 Be3 36. Kh2 Bf2 37. c7 Bf3 38. h4 e3 39. Bd4 Rg4 0-1

[Event "Las Palmas Montalvo Memorial 11th"]
[Site "Las Palmas"]
[Date "2018.03.25"]
[Round "3"]
[White "Vela Ignacio, Jose Manuel"]
[Black "Perez Bolanos, David"]
[Result "1-0"]
[WhiteElo "1968"]
[BlackElo "1681"]
[PlyCount "120"]
[EventDate "2018.03.24"]
[EventType "swiss"]
[EventRounds "9"]
[EventCountry "ESP"]
[SourceTitle "CBM 183 Extra"]
[Source "ChessBase"]
[SourceDate "2018.04.19"]
[SourceVersion "1"]
[SourceVersionDate "2018.04.19"]
[SourceQuality "1"]

1. e4 e5 2. d4 exd4 3. Nf3 Nc6 4. Bc4 Nf6 5. 0-0 d6 6. Nxd4 Nxd4 7. Qxd4 Be7 8. Nc3 0-0 9. Bd2 c6 10. a4 Nd7 11. Bf4 Nb6 12. Ba2 Be6 13. a5 Nc8 14. Rfd1 Bxa2 15. Rxa2 Qc7 16. Raa1 Rd8 17. Rd3 Bf6 18. Qe3 Ne7 19. Qd2 Be5 20. Be3 d5 21. exd5 Bxh2+ 22. Kh1 Be5 23. d6 Rxd6 24. Rxd6 Qxd6 25. Qxd6 Bxd6 26. Rd1 Nf5 27. Ne4 Bc7 28. Rd7 Bxa5 29. Rxb7 Nxe3 30. fxe3 Bb6 31. Nd6 Rf8 32. Nc4 Bc5 33. b4 Bb6 34. Nxb6 axb6 35. Rxb6 Rc8 36. Kg1 Kf8 37. Rb7 g6 38. Kf2 Kg7 39. Kf3 Kf6 40. Ke4 h5 41. c4 Ke6 42. Kd4 g5 43. Kc5 g4 44. Ra7 h4 45. Ra1 Kd7 46. Rf1 Ke6 47. Rh1 h3 48. gxh3 gxh3 49. Rxh3 Kd7 50. Rh6 Re8 51. Rd6+ Kc7 52. Rxc6+ Kb7 53. Rf6 Rxe3 54. Rxf7+ Kb8 55. Kb5 Re6 56. c5 Re4 57. c6 Rh4 58. Kc5 Rh5+ 59. Kb6 Rh8 60. Rb7+ Kc8 1-0

[Event "Madrid FEDC-ch 25th"]
[Site "Madrid"]
[Date "2016.11.13"]
[Round "8"]
[White "Vela Ignacio, Jose Manuel"]
[Black "Septien Lopez, Valeriano"]
[Result "1-0"]
[WhiteElo "1982"]
[BlackElo "1843"]
[PlyCount "99"]
[EventDate "2016.11.06"]
[EventType "swiss"]
[EventRounds "8"]
[EventCountry "ESP"]
[SourceTitle "CBM 175 Extra"]
[Source "ChessBase"]
[SourceDate "2016.12.12"]
[SourceVersion "1"]
[SourceVersionDate "2016.12.12"]
[SourceQuality "1"]

1. e4 c5 2. b4 cxb4 3. a3 e6 4. axb4 Bxb4 5. c3 Be7 6. d4 Nf6 7. Bd3 d6 8. f4 Nc6 9. Nf3 d5 10. e5 Ne4 11. 0-0 f5 12. exf6 Bxf6 13. Ng5 g6 14. Nxe4 dxe4 15. Bxe4 Nxd4 16. Kh1 Nc6 17. Qa4 Bd7 18. Ba3 Qa5 19. Qb3 Qb6 20. Qc2 Ne7 21. Nd2 Qc7 22. Rab1 Qxc3 23. Qxc3 Bxc3 24. Bxb7 Rd8 25. Ne4 Bd4 26. Rfd1 Ba4 27. Re1 Nf5 28. Ng5 Be3 29. g4 Rb8 30. Be4 Rxb1 31. Bxb1 Bc6+ 32. Be4 Bxe4+ 33. Nxe4 Bxf4 34. gxf5 gxf5 35. Nc5 Kf7 36. Rxe6 Rc8 37. Ra6 Rc7 38. Ne6 Rc4 39. Nxf4 Rxf4 40. Rxa7+ Kg6 41. Bf8 h5 42. Ra6+ Kf7 43. Bh6 Rg4 44. h3 Re4 45. Bg5 Kg7 46. Kg2 Rc4 47. h4 Rg4+ 48. Kf3 Rc4 49. Rf6 Rc1 50. Bxc1 1-0

[Event "Madrid FEDC-ch 25th"]
[Site "Madrid"]
[Date "2016.11.09"]
[Round "4"]
[White "Vela Ignacio, Jose Manuel"]
[Black "Draghici Flutur, Gavril"]
[Result "1-0"]
[WhiteElo "1982"]
[BlackElo "2115"]
[PlyCount "97"]
[EventDate "2016.11.06"]
[EventType "swiss"]
[EventRounds "8"]
[EventCountry "ESP"]
[SourceTitle "CBM 175 Extra"]
[Source "ChessBase"]
[SourceDate "2016.12.12"]
[SourceVersion "1"]
[SourceVersionDate "2016.12.12"]
[SourceQuality "1"]

1. d4 d5 2. c4 e6 3. Nc3 Bb4 4. a3 Bxc3+ 5. bxc3 Ne7 6. e3 0-0 7. Nf3 Nbc6 8. Bd3 h6 9. h4 Na5 10. c5 b6 11. cxb6 cxb6 12. g4 Qc7 13. Qc2 Nc4 14. g5 h5 15. g6 f6 16. Qe2 e5 17. Bxc4 Bg4 18. Rg1 dxc4 19. Rxg4 hxg4 20. Nd2 Nxg6 21. Qxg4 Nh8 22. Nf3 Nf7 23. a4 Rfe8 24. Ke2 Nh6 25. Qg2 e4 26. Nd2 f5 27. Ba3 Qf7 28. Rg1 Ng4 29. Qg3 Rac8 30. Bd6 a6 31. Nf1 Rc6 32. Qf4 Qh5 33. Ng3 Qh6 34. Nxf5 Qxf4 35. Bxf4 Rf6 36. Ng3 Re7 37. Nh5 Rg6 38. Bg5 Rxg5 39. hxg5 Nh2 40. Rg2 Nf3 41. Rg4 b5 42. axb5 axb5 43. Nf6+ Kf7 44. Nxe4 Nh2 45. g6+ Ke6 46. Rh4 Kd5 47. Nd2 b4 48. Rxh2 bxc3 49. Rh5+ 1-0

[Event "Seville op 41st"]
[Site "Seville"]
[Date "2016.01.09"]
[Round "2"]
[White "Vela Ignacio, Jose Manuel"]
[Black "Satyapragyan, Swayangsu"]
[Result "0-1"]
[WhiteElo "1986"]
[BlackElo "2410"]
[PlyCount "49"]
[EventDate "2016.01.08"]
[EventType "swiss"]
[EventRounds "9"]
[EventCountry "ESP"]
[SourceTitle "CBM 170 Extra"]
[Source "ChessBase"]
[SourceDate "2016.02.25"]
[SourceVersion "1"]
[SourceVersionDate "2016.02.25"]
[SourceQuality "1"]

1. f4 g6 2. Nf3 Bg7 3. e3 d6 4. d4 Nf6 5. c4 c5 6. Nc3 cxd4 7. exd4 0-0 8. Be2 d5 9. 0-0 dxc4 10. Bxc4 Nc6 11. d5 Na5 12. Be2 Bg4 13. Be3 Rc8 14. Rc1 a6 15. h3 Bxf3 16. Bxf3 Nc4 17. Qe2 Nxe3 18. Qxe3 Qd6 19. Rcd1 Rc4 20. g3 Rfc8 21. Rfe1 R8c7 22. Re2 Rb4 23. Qa7 h5 24. Rde1 h4 25. a3 0-1

[Event "Benidorm Ciegos-ch 15th"]
[Site "Benidorm"]
[Date "2015.06.13"]
[Round "7"]
[White "Pimienta Sanchez, Manuel"]
[Black "Vela Ignacio, Jose Manuel"]
[Result "1-0"]
[WhiteElo "1799"]
[BlackElo "1945"]
[PlyCount "81"]
[EventDate "2015.06.07"]
[EventType "swiss"]
[EventRounds "7"]
[EventCountry "ESP"]
[SourceTitle "CBM 167 Extra"]
[Source "ChessBase"]
[SourceDate "2015.09.14"]
[SourceVersion "1"]
[SourceVersionDate "2015.09.14"]
[SourceQuality "1"]

1. Nf3 f5 2. d4 e6 3. c4 d5 4. e3 Nf6 5. Bd3 c6 6. 0-0 Bd6 7. b3 Qe7 8. Bb2 0-0 9. Qc1 Ne4 10. Ba3 Nd7 11. Bxd6 Qxd6 12. g3 Rf6 13. Nc3 Rh6 14. Ne2 Qe7 15. Qb2 Qf7 16. Kg2 Qh5 17. Nf4 Qf7 18. h4 Qf6 19. Bxe4 fxe4 20. Ng5 e5 21. dxe5 Nxe5 22. cxd5 Qf5 23. dxc6 Rxh4 24. cxb7 Bxb7 25. Ngh3 Rh6 26. Rh1 g5 27. Nxg5 Rxh1 28. Rxh1 Qxg5 29. Rh5 Qg7 30. Rxe5 Rc8 31. Ne6 Qf6 32. Rg5+ Kf7 33. Rg7+ Kxe6 34. Qxf6+ Kxf6 35. Rxb7 a5 36. Rxh7 a4 37. Rb7 Rc2 38. bxa4 Rxa2 39. Rb4 Kf5 40. g4+ Kxg4 41. Rxe4+ 1-0